[Event "70th UKR-ch"]
[Site "Pokrov UKR"]
[Date "2001.09.12"]
[Round "5"]
[White "Rogovsky, Vladimir"]
[WhiteElo "2443"]
[Black "Savon, Vladimir"]
[BlackElo "2449"]
[Result "1-0"]
[EventDate "2001.09.08"]
[PlyCount "81"]

1. e4 e5 2. Nf3 Nc6 3. d4 exd4 4. Nxd4 Bb4+ 5. c3 Be7 6. Bc4 Ne5 7. Bb3 d6 8. f4 Ng6 9. Nf5 Bf6 10. O-O N8e7 11. Nxg7+ Bxg7 12. f5 O-O 13. Qh5 Qe8 14. Nd2 Qb5 15. Rf3 Qe2 16. fxg6 Nxg6 17. Qg5 Be6 18. Bc2 Qe1+ 19. Nf1 Qh4 20. Qb5 b6 21. Be3 Be5 22. h3 Kh8 23. Qe2 Rg8 24. Qd2 Qe7 25. Kh1 Nh4 26. Rf2 f6 27. Bb3 Qd7 28. Bd4 Qe7 29. Ne3 Rg6 30. Nf5 Bxf5 31. exf5 Rg5 32. Be6 Qg7 33. Be3 Rg3 34. Bh6 Qe7 35. Bf4 Rg7 36. g3 Ng6 37. Bh6 Bxg3 38. Rg2 Nh4 39. Rgg1 Rag8 40. Qe3 Nxf5 41. Bxf5 {In the end of the drama white remained with a piece up... Not the best game for both players.} 1-0

[Event "70th UKR-ch"]
[Site "Pokrov UKR"]
[Date "2001.09.13"]
[Round "6"]
[White "Areschenko, Alexander"]
[WhiteElo "2462"]
[Black "Moroz, Alexander"]
[BlackElo "2512"]
[Result "0-1"]
[EventDate "2001.09.08"]
[PlyCount "148"]

1. e4 c5 2. Nf3 Nc6 3. d4 cxd4 4. Nxd4 e5 5. Nb5 d6 6. a4 Be6 7. N1c3 a6 8. Na3 Rc8 9. Bc4 Nf6 10. O-O Be7 11. Bg5 O-O 12. Bxf6 Bxf6 13. Nd5 Bg5 14. c3 Kh8 15. Kh1 Qe8 16. Nb6 Rd8 17. Qh5 h6 18. Rad1 g6 19. Qe2 f5 20. f3 Kg7 21. b4 fxe4 22. fxe4 Rf4 23. Qd3 Na7 24. Bxe6 Rxf1+ 25. Rxf1 Qxe6 26. Nac4 Be7 27. Qd5 Qxd5 28. Nxd5 Rf8 29. Kg1 Rxf1+ 30. Kxf1 Kf7 31. a5 Ke6 32. Ke2 Bd8 33. Kd3 Nb5 34. Nd2 h5 35. Nf3 Na7 36. Kc4 Nb5 37. Kb3 Na7 38. h3 Nc6 39. Ka4 Na7 40. Nd2 Nb5 41. Nf3 Na7 42. Kb3 Nb5 43. Kc2 Na3+ 44. Kd3 Nb5 45. Nd2 Na7 46. Nb3 Nc6 47. c4 Bh4 48. Ke2 Bd8 49. g3 Nb8 50. Kd3 Nd7 51. Kc3 Kf7 52. Nd2 Ke6 53. Nf3 Nb8 54. Ne1 Nc6 55. Nc2 Bg5 56. Nb6 Bd8 57. Na4 Be7 58. Nb2 Kd7 59. Kb3 h4 60. g4 Nd8 61. Nd3 Ne6 62. Nce1 Ng5 63. Nf2 Bd8 64. Ned3 Nf3 65. Ka4 Nd2 66. c5 Ke6 67. cxd6 Kxd6 68. Nc5 Kc6 69. Nfd3 Bc7 70. Ne6 Nxe4 71. Nxc7 Kxc7 72. Nxe5 g5 73. Nf3 Nf6 74. Kb3 Kd6 0-1

[Event "70th UKR-ch"]
[Site "Pokrov UKR"]
[Date "2001.09.13"]
[Round "6"]
[White "Yefymenko, Zakhar"]
[WhiteElo "2495"]
[Black "Romanyshyn, Oleh"]
[BlackElo "2579"]
[Result "1/2-1/2"]
[EventDate "2001.09.08"]
[PlyCount "94"]

1. e4 e5 2. Nf3 Nc6 3. Bb5 a6 4. Ba4 Nf6 5. O-O Be7 6. Re1 d6 7. c3 Bg4 8. d3 Nd7 9. Be3 Nf8 10. Nbd2 Ng6 11. h3 Bd7 12. d4 O-O 13. d5 Nb8 14. Bxd7 Nxd7 15. b4 f5 16. exf5 Rxf5 17. c4 Kh8 18. Ne4 Nf4 19. Nfd2 Qe8 20. Kh2 Rf8 21. g3 Nh5 22. Qa4 b5 23. Qa5 Qb8 24. Nc3 Nhf6 25. a4 bxc4 26. b5 Bd8 27. Qb4 Nb6 28. bxa6 Nfxd5 29. Nxd5 Nxd5 30. Qxb8 Rxb8 31. Nxc4 Ra8 32. a5 Rxa6 33. Kg2 Nxe3+ 34. fxe3 d5 35. Nxe5 Bf6 36. Nd7 Bxa1 37. Nxf8 Rxa5 38. Ne6 Be5 39. Rc1 Ra3 40. Kf2 h6 41. Nxc7 d4 42. Nd5 Kh7 43. Rd1 h5 44. exd4 Bxg3+ 45. Ke2 Kg6 46. Rd3 Ra2+ 47. Kf3 Bd6 1/2-1/2

[Event "70th UKR-ch"]
[Site "Pokrov UKR"]
[Date "2001.09.13"]
[Round "6"]
[White "Korobov, Anton"]
[WhiteElo "2470"]
[Black "Firman, Nazar"]
[BlackElo "2511"]
[Result "1/2-1/2"]
[EventDate "2001.09.08"]
[PlyCount "65"]

1. d4 e6 2. Nf3 Nf6 3. c4 d5 4. cxd5 exd5 5. Nc3 Be7 6. Bg5 Nbd7 7. e3 O-O 8. Bd3 Re8 9. O-O Nf8 10. Qc2 Ng6 11. h3 Be6 12. Ne5 c5 13. f4 cxd4 14. exd4 Qb6 15. Nf3 Ne4 16. Bxe7 Nxe7 17. Nxe4 dxe4 18. Bxe4 Rac8 19. Qf2 Bd5 20. Rfe1 Bxe4 21. Rxe4 Nd5 22. Rxe8+ Rxe8 23. Re1 Rd8 24. f5 h6 25. Qc2 Qd6 26. Re5 f6 27. Re4 Kh7 28. Nh4 Qg3 29. Qb3 Qg5 30. Kh2 h5 31. Qxb7 Ne3 32. Qc7 Ng4+ 33. hxg4 1/2-1/2

[Event "70th UKR-ch"]
[Site "Pokrov UKR"]
[Date "2001.09.13"]
[Round "6"]
[White "Kuznetsov, Sergei"]
[WhiteElo "2442"]
[Black "Nosenko, Olexandr"]
[BlackElo "2436"]
[Result "0-1"]
[EventDate "2001.09.08"]
[PlyCount "104"]

1. c4 e6 2. g3 d5 3. Bg2 dxc4 4. Nf3 Nd7 5. Qa4 a6 6. Qxc4 b5 7. Qc2 Bb7 8. O-O Ngf6 9. a4 Bd6 10. Na3 O-O 11. b3 c5 12. Bb2 Qb6 13. axb5 axb5 14. d4 Be4 15. Qd2 Rfd8 16. Rfd1 Be7 17. e3 Qb7 18. Qe2 cxd4 19. Rxd4 Rab8 20. Rc1 Bd5 21. Ne1 Nc5 22. Bxd5 exd5 23. Rh4 Ne6 24. f3 Nd7 25. Rh3 Ndf8 26. f4 d4 27. Nac2 Qd7 28. Rd1 Bf6 29. g4 Nc5 30. Qg2 Nxb3 31. g5 Be7 32. Nxd4 Nxd4 33. Bxd4 b4 34. Nd3 Qf5 35. Rf3 b3 36. Rff1 Rdc8 37. Rf2 Ba3 38. Bb2 Bxb2 39. Rxb2 Ne6 40. Qe2 Qe4 41. Rdb1 Rc3 42. Rd1 g6 43. Kf2 Rbc8 44. Ne1 Nc5 45. Rd4 Qh1 46. Nf3 Re8 47. e4 Rxf3+ 48. Qxf3 Qxh2+ 49. Qg2 Qxf4+ 50. Kg1 Qe3+ 51. Qf2 Qxg5+ 52. Kh2 Nxe4 0-1

[Event "70th UKR-ch"]
[Site "Pokrov UKR"]
[Date "2001.09.13"]
[Round "6"]
[White "Malaniuk, Volodymyr"]
[WhiteElo "2516"]
[Black "Brodsky, Mikhail"]
[BlackElo "2528"]
[Result "1/2-1/2"]
[EventDate "2001.09.08"]
[PlyCount "32"]

1. d4 Nf6 2. Nf3 e6 3. c4 b6 4. e3 Bb7 5. Nc3 Bb4 6. Bd3 O-O 7. O-O c5 8. Na4 cxd4 9. exd4 Qc7 10. a3 Be7 11. b4 a5 12. b5 d6 13. Re1 Re8 14. h3 Nbd7 15. Bf4 Bf8 16. Bh2 e5 1/2-1/2

[Event "70th UKR-ch"]
[Site "Pokrov UKR"]
[Date "2001.09.13"]
[Round "6"]
[White "Moiseenko, Olexandr"]
[WhiteElo "2581"]
[Black "Berelovich, Alexander"]
[BlackElo "2513"]
[Result "0-1"]
[EventDate "2001.09.08"]
[PlyCount "135"]

1. d4 e6 2. Nf3 d5 3. c4 c5 4. cxd5 exd5 5. g3 Nc6 6. Bg2 Nf6 7. O-O Be7 8. dxc5 Bxc5 9. Bg5 d4 10. Nbd2 h6 11. Bxf6 Qxf6 12. Ne4 Qe7 13. Nxc5 Qxc5 14. Nd2 O-O 15. Nb3 Qe5 16. Bxc6 bxc6 17. Qxd4 Qxe2 18. Rfe1 Qb5 19. Re5 Qb6 20. Nc5 Bh3 21. Rae1 Qd8 22. Qf4 Rb8 23. b3 a5 24. a3 Qd6 25. g4 Rbe8 26. f3 h5 27. gxh5 Rxe5 28. Qxe5 Qd2 29. Qg3 Qd4+ 30. Qf2 Qf4 31. Ne4 Be6 32. Qe3 Qh4 33. Kh1 Bd5 34. Rc1 Bxe4 35. Qxe4 Qxh5 36. Qxc6 g6 37. Rd1 Rb8 38. Qc3 Re8 39. Qd3 Qc5 40. a4 Rb8 41. Kg2 Qg5+ 42. Kh1 Re8 43. Rg1 Qf6 44. Rc1 Qh4 45. Qd2 Qh3 46. Qf2 Re5 47. Rd1 Re8 48. Qg2 Qf5 49. Qf2 Qf6 50. Rd4 Re5 51. Kg2 Qe7 52. Re4 Rxe4 53. fxe4 Qxe4+ 54. Qf3 Qxf3+ 55. Kxf3 Kf8 56. b4 axb4 57. a5 b3 58. a6 b2 59. a7 b1=Q 60. a8=Q+ Kg7 61. Kg2 Qc2+ 62. Kg3 Qd3+ 63. Kg2 Qe2+ 64. Kg3 Qe3+ 65. Kg2 g5 66. Qd5 Kg6 67. Qd6+ Kh5 68. Qf6 0-1

[Event "70th UKR-ch"]
[Site "Pokrov UKR"]
[Date "2001.09.13"]
[Round "6"]
[White "Neverov, Valeriy"]
[WhiteElo "2564"]
[Black "Borovikov, Vladislav"]
[BlackElo "2593"]
[Result "1/2-1/2"]
[EventDate "2001.09.08"]
[PlyCount "35"]

1. c4 c5 2. Nf3 Nc6 3. d4 cxd4 4. Nxd4 Nf6 5. Nc3 e6 6. a3 Bc5 7. e3 d5 8. cxd5 exd5 9. Bb5 Qd6 10. b4 Bb6 11. Na4 Bxd4 12. Qxd4 O-O 13. Qc5 Qe6 14. Bb2 Ne4 15. Qc2 Qg6 16. f3 Nd6 17. Qxg6 hxg6 18. Bxc6 1/2-1/2

[Event "70th UKR-ch"]
[Site "Pokrov UKR"]
[Date "2001.09.13"]
[Round "6"]
[White "Vysochin, Spartak"]
[WhiteElo "2542"]
[Black "Mikhalets, Lubomyr"]
[BlackElo "2485"]
[Result "1-0"]
[EventDate "2001.09.08"]
[PlyCount "129"]

1. e4 c5 2. c3 d6 3. d4 Nd7 4. Nf3 g6 5. Bd3 Bg7 6. O-O e6 7. Na3 Ne7 8. Nc4 Qc7 9. e5 dxe5 10. dxe5 O-O 11. Bf4 Nb6 12. Nd6 c4 13. Bc2 Bd7 14. Qe2 Bc6 15. Rad1 Bxf3 16. Qxf3 Nbd5 17. Bg3 Rad8 18. Qe2 b5 19. h4 h5 20. Be4 Qb6 21. Rfe1 a6 22. a3 Bh6 23. Qf3 Qc6 24. Rd4 Bg7 25. Rdd1 f5 26. Bxd5 Nxd5 27. Bf4 Rd7 28. Re2 Kh7 29. Red2 Qa8 30. Rd4 Qc6 31. a4 Rfd8 32. axb5 axb5 33. Rxd5 exd5 34. Qxd5 Qxd5 35. Rxd5 Bf8 36. Rxb5 Bxd6 37. exd6 Rc8 38. Be5 Kg8 39. Kh2 Kf7 40. Kg3 Ra7 41. Kf4 Ke6 42. Kg5 Rca8 43. Bd4 Ra5 44. Rb7 Rg8 45. Rc7 Rb5 46. d7 f4+ 47. Kxf4 Rxb2 48. Kg5 Rbb8 49. f4 Rbd8 50. Rc6+ Kxd7 51. Rxg6 Ke7 52. Bg7 Rd5+ 53. Kh6 Rf5 54. g3 Kf7 55. Rc6 Re8 56. Rxc4 Re3 57. Rc7+ Ke8 58. Kg6 Ra5 59. Bf6 Ra6 60. Kg7 Rxg3+ 61. Bg5 Re6 62. f5 Re5 63. Kg6 Kf8 64. f6 Re6 65. Kf5 1-0

[Event "70th UKR-ch"]
[Site "Pokrov UKR"]
[Date "2001.09.14"]
[Round "7"]
[White "Areschenko, Alexander"]
[WhiteElo "2462"]
[Black "Kuznetsov, Sergei"]
[BlackElo "2442"]
[Result "1-0"]
[EventDate "2001.09.08"]
[PlyCount "73"]

1. e4 d6 2. d4 Nf6 3. Nc3 g6 4. Bf4 c6 5. Qd2 b5 6. Bd3 Bg7 7. h3 Nbd7 8. Nf3 Nb6 9. Bh6 O-O 10. Bxg7 Kxg7 11. O-O Nc4 12. Qc1 Qa5 13. Ne2 c5 14. dxc5 dxc5 15. a4 Qc7 16. axb5 Nb6 17. c4 Bb7 18. Ng3 e5 19. h4 h6 20. h5 Rfd8 21. Bb1 Bc8 22. Qc3 Re8 23. Bc2 Bg4 24. hxg6 fxg6 25. Ne1 Red8 26. b3 Rd7 27. f3 Be6 28. Nd3 Rd4 29. Ne2 Rad8 30. Nxd4 Rxd4 31. Rfd1 g5 32. Nc1 Nh5 33. Ne2 Nf4 34. Nxf4 gxf4 35. Rxd4 cxd4 36. Qa5 d3 37. Qxa7 1-0

[Event "70th UKR-ch"]
[Site "Pokrov UKR"]
[Date "2001.09.14"]
[Round "7"]
[White "Berelovich, Alexander"]
[WhiteElo "2513"]
[Black "Borovikov, Vladislav"]
[BlackElo "2593"]
[Result "1/2-1/2"]
[EventDate "2001.09.08"]
[PlyCount "39"]

1. e4 e6 2. d4 d5 3. Nd2 c5 4. exd5 Qxd5 5. Ngf3 cxd4 6. Bc4 Qd6 7. O-O Nf6 8. Nb3 Nc6 9. Nbxd4 Nxd4 10. Nxd4 a6 11. Bd3 Bd7 12. Nf3 Qc7 13. Qe2 Bd6 14. Re1 Nd5 15. a3 Nf4 16. Bxf4 Bxf4 17. g3 Bh6 18. Rad1 Rd8 19. Ne5 g6 20. Nxd7 1/2-1/2

[Event "70th UKR-ch"]
[Site "Pokrov UKR"]
[Date "2001.09.14"]
[Round "7"]
[White "Brodsky, Mikhail"]
[WhiteElo "2528"]
[Black "Yefymenko, Zakhar"]
[BlackElo "2495"]
[Result "1/2-1/2"]
[EventDate "2001.09.08"]
[PlyCount "46"]

1. e4 c5 2. Nf3 d6 3. d4 cxd4 4. Nxd4 Nf6 5. Nc3 a6 6. Be2 e5 7. Nb3 Be7 8. O-O O-O 9. Kh1 b5 10. a4 b4 11. Nd5 Bb7 12. Nxe7+ Qxe7 13. f3 d5 14. exd5 Bxd5 15. c4 bxc3 16. bxc3 Rc8 17. Ba3 Qe8 18. Nc5 Nbd7 19. Nxa6 Bc4 20. Bxc4 Rxc4 21. Nb4 Nb6 22. Qe2 Rxa4 23. Nd3 Rxc3 1/2-1/2

[Event "70th UKR-ch"]
[Site "Pokrov UKR"]
[Date "2001.09.14"]
[Round "7"]
[White "Malakhatko, Vadym"]
[WhiteElo "2557"]
[Black "Rogovsky, Vladimir"]
[BlackElo "2443"]
[Result "1-0"]
[EventDate "2001.09.08"]
[PlyCount "61"]

1. d4 Nf6 2. c4 e6 3. Nf3 Bb4+ 4. Nbd2 d5 5. Qa4+ Nc6 6. e3 O-O 7. Bd3 a6 8. Qc2 Re8 9. O-O Bd6 10. a3 h6 11. Rd1 e5 12. cxd5 Nxd5 13. Bh7+ Kh8 14. Be4 Nde7 15. dxe5 Nxe5 16. Nxe5 Bxe5 17. Nc4 Bd6 18. b4 f5 19. Bf3 Ng6 20. Bb2 Nh4 21. Bd5 Qg5 22. Nxd6 cxd6 23. g3 Be6 24. Bxb7 Ra7 25. Bh1 Qg4 26. Rxd6 f4 27. exf4 Rae7 28. Be5 Ng6 29. h3 Qf5 30. Be4 Qxh3 31. Bxg6 1-0

[Event "70th UKR-ch"]
[Site "Pokrov UKR"]
[Date "2001.09.14"]
[Round "7"]
[White "Moroz, Alexander"]
[WhiteElo "2512"]
[Black "Savon, Vladimir"]
[BlackElo "2449"]
[Result "1/2-1/2"]
[EventDate "2001.09.08"]
[PlyCount "119"]

1. e4 c6 2. d4 d5 3. e5 Bf5 4. h4 h5 5. c4 dxc4 6. Bxc4 Bxb1 7. Rxb1 e6 8. Nf3 Nd7 9. O-O Nb6 10. Bd3 Ne7 11. Bg5 Nbd5 12. Qc1 a5 13. a3 Qd7 14. Re1 Nc8 15. Qc2 Be7 16. Bd2 a4 17. Bc4 Ncb6 18. Ba2 Kf8 19. Rbd1 g6 20. Ng5 Kg7 21. Bc1 Bd8 22. Bb1 Ne7 23. Qe2 Nbd5 24. Qf3 Nf5 25. Bxf5 gxf5 26. Qg3 Kf8 27. Rd3 Ne7 28. Qf3 Qd5 29. Qd1 Ng6 30. g3 Kg7 31. Kh2 Be7 32. Qe2 Ra5 33. Nh3 Kf8 34. Bg5 Bxg5 35. Nxg5 Kg7 36. Red1 Rb5 37. R1d2 Rb3 38. Rxb3 Qxb3 39. Rc2 Qd5 40. Rc4 b5 41. Rc5 Qxd4 42. Rxc6 Qxe5 43. Qxe5+ Nxe5 44. Rc7 Kg6 45. f4 Ng4+ 46. Kg1 Rd8 47. Nxf7 Rd1+ 48. Kg2 Rd2+ 49. Kg1 Rxb2 50. Nh8+ Kh6 51. Nf7+ Kg7 52. Ng5+ Kg6 53. Nxe6 Kf6 54. Nf8 Nh6 55. Nh7+ Ke6 56. Rc6+ Ke7 57. Rxh6 b4 58. axb4 a3 59. Ra6 a2 60. Ra7+ 1/2-1/2

[Event "70th UKR-ch"]
[Site "Pokrov UKR"]
[Date "2001.09.14"]
[Round "7"]
[White "Nosenko, Olexandr"]
[WhiteElo "2436"]
[Black "Kazakov, Mikhail"]
[BlackElo "2496"]
[Result "1-0"]
[EventDate "2001.09.08"]
[PlyCount "75"]

1. d4 Nf6 2. Nf3 g6 3. Bf4 Bg7 4. e3 O-O 5. Be2 d6 6. h3 Nc6 7. O-O Qe8 8. Bh2 e5 9. c3 Kh8 10. Nbd2 Bd7 11. dxe5 Nxe5 12. Nxe5 dxe5 13. Nc4 Ba4 14. b3 Bb5 15. Qc2 Ng8 16. Rfd1 a5 17. Bf3 Bxc4 18. bxc4 Rb8 19. Rab1 b6 20. a4 Qe7 21. Rb5 Rbd8 22. Rdb1 Rc8 23. Bc6 f5 24. Kh1 e4 25. c5 Rfd8 26. Bb7 Rb8 27. Ba6 Qd7 28. Bg3 Qe6 29. cxb6 Rxb6 30. Bb7 Qc4 31. Qb3 Rxb5 32. axb5 Qc5 33. Qf7 a4 34. Qxc7 Qxc7 35. Bxc7 Rd7 36. b6 Bxc3 37. Bc6 Rd2 38. b7 1-0

[Event "70th UKR-ch"]
[Site "Pokrov UKR"]
[Date "2001.09.14"]
[Round "7"]
[White "Vysochin, Spartak"]
[WhiteElo "2542"]
[Black "Volokytin, Andriy"]
[BlackElo "2551"]
[Result "1/2-1/2"]
[EventDate "2001.09.08"]
[PlyCount "32"]

1. e4 d6 2. d4 Nf6 3. Nc3 g6 4. f3 c6 5. g4 e5 6. Nge2 Nbd7 7. Be3 Qb6 8. Qc1 Qa5 9. Qd2 b5 10. h4 Bb7 11. g5 Nh5 12. Bh3 Nb6 13. b3 d5 14. exd5 Bb4 15. Qd3 Nxd5 16. Bd2 Nxc3 1/2-1/2

[Event "70th UKR-ch"]
[Site "Pokrov UKR"]
[Date "2001.09.15"]
[Round "8"]
[White "Berelovich, Alexander"]
[WhiteElo "2513"]
[Black "Korobov, Anton"]
[BlackElo "2470"]
[Result "1-0"]
[EventDate "2001.09.08"]
[PlyCount "129"]

1. e4 c5 2. c3 e6 3. d4 d5 4. exd5 exd5 5. Nf3 Bd6 6. Bb5+ Nc6 7. dxc5 Bxc5 8. O-O Nge7 9. Nbd2 O-O 10. Nb3 Bd6 11. Bg5 Bg4 12. Be2 h6 13. Bh4 Re8 14. Re1 Qd7 15. Bg3 Bxg3 16. hxg3 Rad8 17. Qd2 Ng6 18. Rad1 Qc7 19. Nfd4 Bxe2 20. Rxe2 Rxe2 21. Qxe2 Nce5 22. Nf5 b6 23. Ne3 Ne7 24. Nd4 Qc5 25. Ndf5 Nxf5 26. Nxf5 Ng6 27. Rd4 Kf8 28. Qd2 Ne7 29. Nxe7 Kxe7 30. c4 Rd6 31. b4 Qc6 32. cxd5 Qd7 33. Qc2 Qd8 34. Qf5 Qd7 35. Qd3 Kf8 36. Kh2 Qd8 37. a3 Qg5 38. Qe4 g6 39. Rd3 Kg7 40. a4 Qh5+ 41. Kg1 Qg5 42. b5 Qd8 43. Qe5+ Kg8 44. f4 Qd7 45. g4 Qc7 46. Kh2 Qd7 47. f5 g5 48. f6 Qc7 49. Qe8+ Kh7 50. Qe4+ Kg8 51. Qe5 Qd8 52. Qe7 Qb8 53. Kh3 Qd8 54. Qxd8+ Rxd8 55. d6 Rd7 56. Kg3 Kf8 57. Kf3 Ke8 58. Ke4 Rd8 59. Kd5 Rc8 60. Re3+ Kd8 61. Re7 Rc5+ 62. Kd4 Rc2 63. Rxf7 Rxg2 64. Rxa7 Rxg4+ 65. Ke5 1-0

[Event "70th UKR-ch"]
[Site "Pokrov UKR"]
[Date "2001.09.15"]
[Round "8"]
[White "Firman, Nazar"]
[WhiteElo "2511"]
[Black "Romanyshyn, Oleh"]
[BlackElo "2579"]
[Result "1-0"]
[EventDate "2001.09.08"]
[PlyCount "69"]

1. e4 e5 2. Nf3 Nc6 3. Bb5 a6 4. Ba4 Nf6 5. O-O Be7 6. Re1 d6 7. c3 O-O 8. d4 b5 9. Bc2 exd4 10. Nxd4 Nxd4 11. cxd4 Bb7 12. Nc3 b4 13. Na4 Re8 14. f3 g6 15. Be3 a5 16. Rc1 Nd7 17. Bb3 c6 18. e5 dxe5 19. dxe5 Nxe5 20. Bb6 Qd6 21. Qxd6 Bxd6 22. Rcd1 Ba6 23. Rxd6 Nxf3+ 24. gxf3 Rxe1+ 25. Kf2 Re2+ 26. Kg3 Bb5 27. Rd7 c5 28. Bxf7+ Kg7 29. Rc7 Kf6 30. Nxc5 Re7 31. Rxe7 Kxe7 32. Bd5 Rc8 33. Bb7 Re8 34. Bxa5 b3 35. axb3 1-0

[Event "70th UKR-ch"]
[Site "Pokrov UKR"]
[Date "2001.09.15"]
[Round "8"]
[White "Golubev, Mikhail"]
[WhiteElo "2526"]
[Black "Mikhalets, Lubomyr"]
[BlackElo "2485"]
[Result "1-0"]
[EventDate "2001.09.08"]
[PlyCount "49"]

1. e4 Nc6 2. Nc3 Nf6 3. d4 d5 4. e5 Ng8 5. Nf3 Bg4 6. Be2 e6 7. O-O Nge7 8. Nh4 Bxe2 9. Nxe2 Ng6 10. Nf3 Be7 11. Be3 O-O 12. Qd2 Qd7 13. Nf4 b6 14. Rfe1 a5 15. Nh5 Kh8 16. Bg5 a4 17. Bf6 gxf6 18. exf6 Bd8 19. Qh6 Rg8 20. Ng5 Nf8 21. Rad1 a3 22. b3 Nb4 23. Re5 Nxa2 24. Nf4 Qe8 25. Nxh7 1-0

[Event "70th UKR-ch"]
[Site "Pokrov UKR"]
[Date "2001.09.15"]
[Round "8"]
[White "Kazakov, Mikhail"]
[WhiteElo "2496"]
[Black "Sergeev, Vladimir"]
[BlackElo "2498"]
[Result "1-0"]
[EventDate "2001.09.08"]
[PlyCount "119"]

1. e4 Nf6 2. e5 Nd5 3. d4 d6 4. c4 Nb6 5. exd6 cxd6 6. Nc3 g6 7. Be3 Bg7 8. Rc1 O-O 9. b3 e6 10. Nf3 Bd7 11. Be2 Bc6 12. O-O Bxf3 13. Bxf3 d5 14. cxd5 exd5 15. a4 Nc6 16. Qd2 Qd7 17. Ne2 a5 18. Rc5 Rfc8 19. Rb5 Qd8 20. Nf4 Nb4 21. Nd3 Nxd3 22. Qxd3 Ra6 23. Bd2 Rca8 24. Rc1 Bf8 25. Bf4 Bb4 26. Rc7 Rc8 27. Rxb7 Qf6 28. g3 Qc6 29. Rb8 Rxb8 30. Bxb8 Ra8 31. Bf4 h5 32. h4 Kg7 33. Bd2 Bxd2 34. Qxd2 Qf6 35. Kg2 Ra7 36. Qe3 Kf8 37. Qe5 Qxe5 38. dxe5 Nd7 39. Rxd5 Ke7 40. Be2 Nf8 41. Rb5 Ne6 42. Bc4 Nd4 43. Rd5 Nc2 44. Kf3 Nb4 45. Rd6 Kf8 46. Ke4 Kg7 47. f4 Rc7 48. Rd8 f5+ 49. Ke3 Nc2+ 50. Kd2 Nb4 51. e6 Kf6 52. Rf8+ Ke7 53. Rf7+ Kd6 54. Rxc7 Kxc7 55. e7 Kd7 56. Bf7 Kxe7 57. Bxg6 Kf6 58. Bxh5 Na6 59. Kc3 Nc5 60. Bf3 1-0

[Event "70th UKR-ch"]
[Site "Pokrov UKR"]
[Date "2001.09.15"]
[Round "8"]
[White "Nosenko, Olexandr"]
[WhiteElo "2436"]
[Black "Areschenko, Alexander"]
[BlackElo "2462"]
[Result "0-1"]
[EventDate "2001.09.08"]
[PlyCount "170"]

1. d4 Nf6 2. Nf3 g6 3. Bf4 Bg7 4. e3 d6 5. h3 O-O 6. Be2 Nfd7 7. O-O Nc6 8. c3 e5 9. Bh2 f5 10. Nbd2 Kh8 11. a4 e4 12. Ne1 Nf6 13. Nc2 Qe8 14. f3 exf3 15. Bxf3 Bd7 16. a5 a6 17. c4 Bh6 18. Ra3 Qe7 19. b4 Ne4 20. Nxe4 fxe4 21. Be2 Qh4 22. c5 Rxf1+ 23. Qxf1 Rf8 24. Qe1 Qf6 25. cxd6 cxd6 26. b5 Na7 27. bxa6 Nb5 28. Ra1 bxa6 29. Qd2 Qf2+ 30. Kh1 Nc3 31. Re1 Nxe2 32. Rxe2 Qf1+ 33. Bg1 Bb5 34. Rf2 Qd3 35. Rxf8+ Bxf8 36. Qf2 Kg8 37. Bh2 d5 38. Bg3 Qf1+ 39. Qxf1 Bxf1 40. Be1 Kf7 41. Kg1 Bc4 42. Kf2 Ke6 43. Bb4 Bg7 44. g4 Bf6 45. Ne1 Kd7 46. Ng2 Kc6 47. h4 Kb5 48. Bd6 Bd8 49. g5 Bxa5 50. Nf4 Kc6 51. Ba3 Kd7 52. h5 gxh5 53. Nxh5 Ke6 54. Nf6 Kf7 55. Nxh7 Kg6 56. Nf6 Kxg5 57. Nd7 Kf5 58. Nc5 Bd2 59. Nb7 Ke6 60. Nc5+ Kf7 61. Nb7 Bb5 62. Nc5 Bc3 63. Kg3 a5 64. Kf4 Kf6 65. Nxe4+ dxe4 66. Kxe4 Bc4 67. d5 Kf7 68. Bc5 Bf6 69. Bd4 Bd8 70. Bc5 Bb5 71. Ba3 Bf6 72. Bc5 a4 73. Ba3 Bc4 74. Bc1 Ke7 75. Ba3+ Kd7 76. Bc1 Bg7 77. Ba3 Bc3 78. Bc1 Bf1 79. Ba3 Bf6 80. Kf3 Be7 81. Bb2 a3 82. Bc3 Bc4 83. e4 Bg5 84. Kf2 Bc1 85. Ke1 Bb3 0-1

[Event "70th UKR-ch"]
[Site "Pokrov UKR"]
[Date "2001.09.15"]
[Round "8"]
[White "Rogovsky, Vladimir"]
[WhiteElo "2443"]
[Black "Kuznetsov, Sergei"]
[BlackElo "2442"]
[Result "0-1"]
[EventDate "2001.09.08"]
[PlyCount "68"]

1. e4 d6 2. d4 Nf6 3. Nc3 g6 4. Nf3 Bg7 5. Be2 O-O 6. O-O Bg4 7. Be3 Nc6 8. Qd2 e5 9. d5 Ne7 10. Rad1 Ne8 11. Bh6 f5 12. Bxg7 Nxg7 13. exf5 gxf5 14. Qh6 Bxf3 15. Bxf3 Ng6 16. g3 Qf6 17. Bg2 Rae8 18. Qe3 b6 19. Nb5 Rf7 20. Nxa7 e4 21. Qb3 f4 22. Rde1 f3 23. Bh3 Nf5 24. Qa4 b5 25. Qxb5 Kf8 26. Kh1 Qg5 27. Bxf5 Qxf5 28. Qc4 e3 29. g4 Qg5 30. Rxe3 Rxe3 31. fxe3 Qxe3 32. Qd3 Qe2 33. Rg1 Ne5 34. Qb5 Qe4 0-1

[Event "70th UKR-ch"]
[Site "Pokrov UKR"]
[Date "2001.09.16"]
[Round "9"]
[White "Areschenko, Alexander"]
[WhiteElo "2462"]
[Black "Yefymenko, Zakhar"]
[BlackElo "2495"]
[Result "1/2-1/2"]
[EventDate "2001.09.08"]
[PlyCount "106"]

1. e4 e6 2. d4 d5 3. Nc3 Bb4 4. e5 c5 5. a3 Bxc3+ 6. bxc3 Ne7 7. Qg4 O-O 8. Bd3 Nbc6 9. Nf3 f5 10. Qh5 Bd7 11. O-O c4 12. Be2 b5 13. Bd2 Nc8 14. Ng5 h6 15. Nh3 Be8 16. Qf3 Kh7 17. Nf4 Qd7 18. h4 N8e7 19. h5 Bf7 20. Qe3 a5 21. f3 Nd8 22. g4 Be8 23. Rf2 Nf7 24. Nh3 Kg8 25. Rg2 Ng5 26. Rh2 fxg4 27. Nxg5 Nf5 28. Qf4 g3 29. Rh1 hxg5 30. Qxg5 Kh7 31. Bf1 Ra7 32. Bh3 b4 33. h6 g6 34. axb4 axb4 35. Kg2 b3 36. Rab1 Qf7 37. Bxf5 Qxf5 38. Qxf5 gxf5 39. cxb3 Ra2 40. Rhd1 cxb3 41. Kxg3 f4+ 42. Bxf4 Rg8+ 43. Kh4 Ba4 44. Rd2 Rf8 45. Bg5 Rxf3 46. Rg1 Be8 47. Rb1 Rxd2 48. Bxd2 Rf2 49. Bc1 Rf1 50. Kg5 Rf5+ 51. Kh4 Rf1 52. Kg5 Rf5+ 53. Kh4 Rf1 1/2-1/2

[Event "70th UKR-ch"]
[Site "Pokrov UKR"]
[Date "2001.09.16"]
[Round "9"]
[White "Borovikov, Vladislav"]
[WhiteElo "2593"]
[Black "Volokytin, Andriy"]
[BlackElo "2551"]
[Result "1/2-1/2"]
[EventDate "2001.09.08"]
[PlyCount "20"]

1. Nf3 Nf6 2. c4 g6 3. d4 Bg7 4. g3 O-O 5. Bg2 d6 6. O-O Nbd7 7. Nc3 e5 8. e4 a6 9. h3 b5 10. Qc2 bxc4 1/2-1/2

[Event "70th UKR-ch"]
[Site "Pokrov UKR"]
[Date "2001.09.16"]
[Round "9"]
[White "Eljanov, Pavel"]
[WhiteElo "2522"]
[Black "Berelovich, Alexander"]
[BlackElo "2513"]
[Result "1/2-1/2"]
[EventDate "2001.09.08"]
[PlyCount "101"]

1. d4 d5 2. c4 e6 3. Nc3 c5 4. cxd5 exd5 5. Nf3 Nc6 6. g3 Nf6 7. Bg2 Be7 8. O-O O-O 9. dxc5 Bxc5 10. Bg5 d4 11. Na4 Bb6 12. Nxb6 axb6 13. e3 h6 14. Bxf6 Qxf6 15. Nxd4 Rd8 16. Qf3 Nxd4 17. exd4 Qxf3 18. Bxf3 Rxd4 19. Rad1 Rxd1 20. Rxd1 Bh3 21. a3 Re8 22. b4 Ra8 23. Be4 Kf8 24. Rd3 Rc8 25. f3 Ke7 26. Re3 Be6 27. Bxb7 Rc2 28. f4 Kd6 29. Rd3+ Ke7 30. Re3 Kd6 31. Be4 Ra2 32. Rd3+ Ke7 33. Rc3 b5 34. Rc7+ Kd6 35. Rc6+ Ke7 36. Ra6 Bc4 37. Bc6 Rb2 38. Ra5 Ra2 39. h4 h5 40. Bf3 g6 41. Ra6 Be6 42. Be4 Bb3 43. f5 gxf5 44. Bf3 f6 45. Bxh5 Bd5 46. Ra7+ Kd6 47. Be8 Rg2+ 48. Kf1 Rxg3 49. Bxb5 Rh3 50. Be2 f4 51. Rg7 1/2-1/2

[Event "70th UKR-ch"]
[Site "Pokrov UKR"]
[Date "2001.09.16"]
[Round "9"]
[White "Malaniuk, Volodymyr"]
[WhiteElo "2516"]
[Black "Firman, Nazar"]
[BlackElo "2511"]
[Result "1/2-1/2"]
[EventDate "2001.09.08"]
[PlyCount "38"]

1. d4 e6 2. c4 Nf6 3. Nf3 c5 4. d5 d6 5. Nc3 exd5 6. cxd5 g6 7. e4 a6 8. h3 b5 9. Bd3 Bg7 10. O-O O-O 11. Re1 Nbd7 12. a3 Bb7 13. Bf4 Ne8 14. Qd2 Rc8 15. Bg5 Bf6 16. Bh6 Bg7 17. Bg5 Bf6 18. Bh6 Bg7 19. Bg5 Bf6 1/2-1/2